Countries with More Americans than Natives - Statistics

General Stats
  • This quiz has been taken 82 times
    32 since last reset
  • The average score is 3 of 4
Answer Stats
Percentage Answer % Correct
987% Ireland
96%
106% United Kingdom
71%
102% Norway
50%
101% Samoa
32%
No matching quizzes found
Score Distribution
Percent of People with Each Score
Percentile by Number Answered
Your Score History
You have not taken this quiz since the last reset